| 000 | 00317nam a2200109 4500 | ||
|---|---|---|---|
| 999 |
_c13513 _d13513 |
||
| 008 | 190327b ||||| |||| 00| 0 eng d | ||
| 245 | _aDo you have FB depression?. | ||
| 260 |
_aPhilippines _bPhilippine Daily Inquirer _cc2018 |
||
| 300 | _apage C2. | ||
| 650 | 0 |
_937766 _aElectronic discussion groups. |
|
| 942 |
_2ddc _cPER |
||